01246cam a22002771i 4500001000700000003000900007005001700016008004100033040004300074082001700117100005400134245023600188250002000424264006900444300004600513336002600559337002800585338002700613504005200640650003900692655001700731700005800748942001200806999001700818952013300835281449EG-ScBUE20250813085327.0740801s1966 njua f b 001 0 eng  aEG-ScBUEbengerdacEG-ScBUEdEG-ScBUE04a546222bBEL1 aBell, C. F.q(Colin Frank),d1928-96657eauthor.10aModern approach to inorganic chemistry /cC. F. Bell, M.A., D.PHIL., F.R.I.G., lecturer in inorganic chemistry, Brunel University, London, and K. A. K. Lott, B.Sc., PH.D., lecturer in inorganic chemistry, Brunel University, London. aSecond edition. 1aPrinceton, New Jersey : bD. Van Nostrand Company, INC., c1966. axiii, 330 pages :billustrations ;c26 cm 2rdacontentatextbtxt aunmediated2rdamediabn avolumebnc2rdacarrier aIncludes bibliographical references and index.  7aChemistry, Inorganic.966582BUEsh vReading book1 aLott, K. A. K.q(Kenneth Alan Keeler),eauthor.96659 2ddccBB c11953d11953 00102ddc40708Alef-BaaaMAINbMAINc1STd2009-06-23ePurchaseg150.00l0o546 BELp000017019r2025-07-15 00:00:00v187.50yBB